000 00965nam a2200325Ia 4500
003 OSt
005 20221007124704.0
006 a|||||r|||| 00| 0
007 ta
008 221006b |||||||| |||| 00| 0 eng d
020 _a9780470512340 (pbk)
024 _a192921
037 _cTextual
040 _aCDL
_cCDL
_beng
041 _2eng
_aeng
082 _aE5:218, P0;P9;10Carc
100 _aSteed Jonathan W
245 0 _aSupramolecular chemistry
_b Atwood Jerry L
250 _a2
260 _aWest
_bsussex Wiley
_c2009
300 _axxvi, 970p. ill.
_ccm.
500 _aReferences 937-940p.; Index 941-970p.
650 _a Crystal engineering
650 _a Ion pair receptors
_9720113
650 _a Network solids
_9720114
650 _aCation binding hosts
_9720115
700 _a Atwood Jerry L
942 _hE5:218, P0;P9;10Carc
_cTEXL
_2CC
999 _c1213929
_d1213929